000 00354nam a2200157 i 4500
001 bg
245 0 _aSłownik filozofii marksistowskiej.
260 _aWarszawa,
_c1982.
650 9 _aFilozofia marksistowska
655 _aEncyklopedie
040 _cBPK
041 _apol
080 _a1
942 _cKS
008 s pl f |000 0 pol
999 _c21200
_d21200
856 _uhttp://koha.tu.koszalin.pl/cgi-bin/koha/opac-detail.pl?biblionumber=21200
_yKatalog online BPK